000 00395nam a2200133Ia 4500
008 151021s9999 xx 000 0 und d
020 _a9290561560
245 _a_Agriculteurs de l`avenir Une strate`gie d`action Tom Vandenbosch
260 _aNairobi ICRAF 2003
300 _a75p;ill.
650 _a_Agriculteurs de l`avenir
700 _a_Peter Taylor
980 _a^d20110921 11:24:26^okorir
999 _c8171
_d8171